000 00510nam a2200181 4500
003 SEACOMMC
005 20250425140820.0
008 241130b |||||||| |||| 00| 0 eng d
020 _a978-0-19929-876-1
_cRs.395.00
040 _aSEACOMMC
082 _a 658.3003
_bH 359
100 _aHeery, Edmund
245 1 _aA Dictionary of Human Resource Management
_c Edmund Heery [and] Mike Noon
250 _a2nd ed.
260 _a New Delhi
_bOxford Universities Press
_c 2006
650 _a Dictionary
942 _cBOOK
999 _c806
_d806